000 00467nam a2200133Ia 4500
008 260210s9999 xx 000 0 und d
024 _a12B-72-BS, 12B-55-BS & 12B-59-BS
082 _a005.1072 MUH
100 _aMuhammad Mubashir Khan, Hafiz Abdullah Qamer & Ashar Jamal Baig
245 0 _aCommunication for Special Persons (CSP) (code book)
260 _aKarachi:
_bUITU,
_c2012
600 _aComputer Science
650 _aBachelor of Computer Science (BS)
999 _c32261
_d32261